Quizzes
Events
Quiz Creation
Community
Videos
Private Events
Remove Ads
Sign In
Join for FREE
Feedback
Dark Mode
Quiz Categories
Sports
Geography
Music
Movies
Television
Just For Fun
Miscellaneous
History
Literature
Language
Science
Gaming
Entertainment
Religion
Holiday
For Kids
Quiz Lab
Recent
Popular Today
Quiz Kudos Today
Editor Picks
Curator Picks
Quizzes by...
Day
Popularity
Type
Ratings
Length
Year
Community
Subscriptions
Recent Discussions
Orange Saloon
Badges
Playlists
Quests
Create
Leaderboards
Showdown
Live 5
Trivia Bingo
Activity
Puzzle Library
Sporcle Events
Private Events
Virtual Trivia
Globe League
Become a Host
Pub Owners
SporcleCon
Opinionation
Our Games
Videos
Blog
Mobile Apps
Partnerships
Remove Ads and Go Orange
Feedback
Television
TV Characters
TV Show
Sitcom
Network
Friends
Reality Shows
Cast
South Park
Star Trek
The Simpsons
Doctor Who
Television
TV Characters
TV Show
Sitcom
Network
Friends
Reality Shows
Cast
South Park
Star Trek
The Simpsons
Doctor Who
Random Quiz
Search Sporcle
×
Quiz Lab
Quiz Lab
Television
Friends
Type in answers that appear in a list
Type in answers that appear in a list
Classic
Best Score? Go Orange.
Friends Quotes Stats
Can you name the Friends Quotes?
By
jordansfavgurl5
5m
11 Questions
2,346 Plays
2,346 Plays
2,346 Plays
Comments
Comments
Give Quiz Kudos
Give Quiz Kudos
-
- Ratings
hide this ad
Random Order
Randomize order of answers
Randomize order of answers
Replay
Link that replays current quiz
Next Quiz
Link to next quiz in quiz playlist
You Got
0%
They Got
Avg Score
79%
Avg Friend Score
Upgrade to see
Score Distribution
Jump to the score distribution portion of the page
Score
0/11
Timer
05:00
0
Plays Today
quote
character
% Correct
Hi..I'm Chandler..Can I be wearing anymore clothes?
Joey
99.2%
If you call our wedding a party again...you might not get invited
Monica
98.6%
I just bamboozeled Chander!
Ross
98.1%
But I didn't get to shake my belly like a bowl full of jelly
Chandler
97.7%
Then play for some peppers..stop spending my money
Rachel
94.1%
I don't even have a pla
phoebe
92%
Oh My God
Janice
83.1%
I was told I would get a free dinner...which I didn't
Mike
64.3%
One of you is over there
Gunther
63.6%
yeah you can't eat that in my car
Gary
47.9%
Oh well..no harm..no foul
Estelle
33.2%
Quiz Playlist
Details
Report
Send in Message
Add To Playlist
Classic:
Type in answers that appear in a list
Random Order:
Randomize order of answers
Last Updated: Feb 16, 2017
Quiz Scoreboard
CHALLENGE
Sign Up to Join the Scoreboard
Show All
Scores
Hide
Comments
May contain spoilers
Recently Published
Alphabetical 'K' Countries by Flag Minefield
by ylime102
Geography
3m
Pick 6: Fruits
by JohnFran
Miscellaneous
15s
Click the 1999 NBA Draft
by nibperrychub
Sports
2m
More to Explore
Quiz From the Vault
Featured Blog Post
15 Basketball Trivia Facts You Can Be March Mad About
hide this ad
You Might Also Like...
Tags
Friends Quiz
Quote Quiz
Character
Friends Quotes
Today's Top Quizzes in Television
Browse Television
hide this ad
Today's Top Quizzes in Friends
Browse Friends
Top Contributed Quizzes in Television
1
Hidden Simpsons Character
2
First Name TV: Leading Men
3
Hidden Simpsons Character XXIV
4
First Name TV: Leading Women Drama
5
Pick A Pair: Religious TV
6
Hidden Simpsons Character XXV
7
Demon Slayer Impossible Quiz
8
Hidden Simpsons Character XXVI
9
One Piece Logic Puzzle
10
I See Dead People
Explore More
Trending Topics
Kpop
Harry Potter
Crossword
Marvel
Anime
NBA
Disney
Country
Puzzle
Pokémon
Song
NFL
WWE
The Office
Soccer
hide this ad
More By:
jordansfavgurl5
Quiz
Plays
Rating
Category
Featured
Created
Friends Quotes
2,346
1.71
Television
Jan 2, 2010
New kids on the Block songs
1,267
3.00
Music
Jan 2, 2010
Go to Creator's Profile
Score Distribution
Quiz Creator Spotlight
jordansfavgurl5
Follow
Send a Message
Quizzes Created
-
Created Quiz Play Count
-
More By This Creator
Popular Quizzes Today
1
Countries of Asia Without Outlines Minefield
2
Find the US States - No Outlines Minefield
3
Pick 6: Fruits
4
Alphabetical 'K' Countries by Flag Minefield
5
The Countries of the World
6
Find the US States
7
US States
8
Match the Book to the Film X
More Television Quizzes
Four TV Shows and Their State V
Published
Trending Quizzes
Pick 6: Mountains
Pick 6: Harry Potter
Pick 6: NFL Teams
Pick 6: Movie Franchises
Pick 6: Golfers
Recently Updated
NWSL Teams
pecheneg
Women's Final Four Teams by Year
bhenderson79
Presidents Quartet II
eogle
Anything But Clue(do)
eogle
Anything But Oceanian Capitals
eogle
Anything But 7
eogle
Anything But Thing
eogle
Word Ladder: February 29
pecheneg
Song Title Questions
pecheneg
Women's NCAA Tournament #1 Seeds
pecheneg
Trending Topics
Crossword
Anime
NBA
Harry Potter
Kpop
Disney
Marvel
WWE
Puzzle
Song
NFL
Pokémon
The Office
Country
Soccer
Your Account Isn't Verified!
In order to create a playlist on Sporcle, you need to verify the email address you used during registration. Go to your
Sporcle Settings
to finish the process.
Report this User
Report this user for behavior that violates our
Community Guidelines
.
Details:
Send Report
Go to the Sporcle.com Mobile Site →
Comments